Statistiques concernant Les plus grandes villes des Laurentides

Cliquez ici pour prendre le quiz!

Statistiques générales

  • Ce quiz a été pris 31 fois
  • Le résultat moyen est 10 sur 25

Statistiques - réponses

PopulationVilles% Correct
67 331Saint-Jérôme
90%
9 625Saint-Sauveur
80%
11 320Sainte-Adèle
70%
51 206Blainville
65%
13 242Mont-Laurier
60%
25 930Sainte-Thérèse
60%
38 976Mirabel
55%
44 056Saint-Eustache
55%
26 737Boisbriand
50%
14 211Rosemère
50%
11 950Lachute
45%
9 586Lorraine
40%
11 343Prévost
35%
4 498Rivière-Rouge
35%
12 218Saint-Colomban
30%
13 702Sainte-Marthe-sur-le-Lac
30%
17 703Deux-Montagnes
25%
5 047Oka
25%
13 570Sainte-Anne-des-Plaines
25%
7 068Pointe-Calumet
20%
11 801Sainte-Sophie
20%
5 436Saint-Joseph-du-Lac
20%
9 343Bois-des-Fillion
10%
6 876Brownsburg-Chatham
5%
7 742Saint-Hippolyte
5%

Distribution des résultats

Percentile par nombre de réponses

% des personnes avec chaque résultat

Votre développement - résultats

Vous n’avez pas pris ce quiz